000 00572nam a22002417a 4500
003 UA-OsUOA
001 22547
007 ta
008 20031222b un ||||| |||| 00| 0 ukr d
090 _a17(038)
_bС48
942 _cBK
040 _aUA-OsUOA
_brus
_cUA-OsUOA
_dUA-OsUOA
245 _aСловарь по этике
_cРед.И.С.Ред.И.С.
300 _a392 с.
955 _a0
041 _arus
080 _a17(038)
260 _aМосква
_bПолитиздат
_c1975
044 _aRU
250 _n3-е изд.
650 7 _2UDC
999 _c308768
_d308768